000 00616nam a2200241Ia 4500
003 OSt
005 20220924152637.0
006 a|||||r|||| 00| 0
007 ta
008 220923b |||||||| |||| 00| 0 ara d
024 _a343592
037 _cTextual
040 _aARTS
_cARTS
_bara
041 _2ara
_aara
082 _aQ7:21:g, 28J8
100 _aSaqar Sayed Ahmad Au.
_9174122
245 0 _aTafseer ghareeb al-quran
260 _c1958
650 _a QURAN
_933479
650 _aISLAM
_9577
942 _hQ7:21:g, 28J8
_cTEXL
_2CC
999 _c470553
_d470553